Online
Catalog

Renda I Fiscalitat en una Ciutat Medieval : (Record no. 41487)

MARC details
000 -CABECERA
campo de control de longitud fija 00898nam a2200217 a 4500
001 - NÚMERO DE CONTROL
campo de control 000041998
005 - FECHA Y HORA DE LA ÚLTIMA TRANSACCIÓN
campo de control 20201002035857.0
008 - DATOS DE LONGITUD FIJA--INFORMACIÓN GENERAL
campo de control de longitud fija 131029s2000 sp a 000 0 spa d
020 ## - NÚMERO INTERNACIONAL ESTÁNDAR DEL LIBRO
Número Internacional Estándar del Libro 8400079027
040 ## - FUENTE DE LA CATALOGACIÓN
Centro catalogador/agencia de origen DO-SdBNP
Lengua de catalogación spa
Centro/agencia transcriptor BNPHU
082 ## - NÚMERO DE LA CLASIFICACIÓN DECIMAL DEWEY
Número de clasificación xxx
Número de documento/Ítem xxx
100 1# - ENTRADA PRINCIPAL--NOMBRE DE PERSONA
Nombre de persona Ortí Gost, Pere
9 (RLIN) 68940
245 10 - MENCIÓN DE TÍTULO
Título Renda I Fiscalitat en una Ciutat Medieval :
Resto del título Barcelona, segles XII-XIV /
Mención de responsabilidad, etc. Pere Orti Gost ; prólogo Manuel Sánchez Martínez.
260 ## - PUBLICACIÓN, DISTRIBUCIÓN, ETC.
Lugar de publicación, distribución, etc. Barcelona :
Nombre del editor, distribuidor, etc. Consejo superior de investigaciones científicas,
-- Institución Milá y Fontanals,
Fecha de publicación, distribución, etc. 2000.
300 ## - DESCRIPCIÓN FÍSICA
Extensión 736 p. :
Otras características físicas il. ;
Dimensiones 24 cm.
490 1# - MENCIÓN DE SERIE
Mención de serie Anuario de estudios medievales
-- anejo
Designación de volumen o secuencia 41
500 ## - NOTA GENERAL
Nota general Incluye referencias bibliográficas y notas al pie de las páginas.
504 ## - NOTA DE BIBLIOGRAFÍA, ETC.
Nota de bibliografía, etc. Bibliografía : p. 669-702
700 12 - PUNTO DE ACCESO ADICIONAL--NOMBRE DE PERSONA
Nombre de persona Sánchez Martínez, Manuel
Término indicativo de función/relación pról.
9 (RLIN) 68485
830 #0 - PUNTO DE ACCESO ADICIONAL DE SERIE-TÍTULO UNIFORME
Título uniforme Anuario de estudios medievales
Nombre de parte o sección de la obra anejo
Número de parte o sección de la obra 41
9 (RLIN) 68941
Holdings
Estado de retiro Estado de pérdida Restricciones de uso No para préstamo Código de colección Localización permanente Ubicación/localización actual Ubicación en estantería Fecha de adquisición Número de inventario Total de préstamos Signatura topográfica completa Código de barras Fecha visto por última vez Precio válido a partir de Tipo de ítem Koha
      Excluido de préstamo Monografías: Libros y Folletos General General En catalogación 29.10.2013 LF1   xxx xxx 41998-10 25.06.2020 25.06.2020 No se presta

Powered by Koha